Central Library OPAC University of Rajshahi

Sir John Harington's translation of Orlando Furioso / (Record no. 22690)

MARC details
000 -LEADER
fixed length control field 00929cam a22002891 4500
001 - CONTROL NUMBER
control field 22690
003 - CONTROL NUMBER IDENTIFIER
rucl marc code BD-RjUL
005 - DATE AND TIME OF LATEST TRANSACTION
control field 20211209000834.0
008 - FIXED-LENGTH DATA ELEMENTS--GENERAL INFORMATION
fixed length control field 140309t1962 ilu 000 0 eng
035 ## - SYSTEM CONTROL NUMBER
System control number (BD-RjUL)22755
System control number (OCoLC)171841
040 ## - CATALOGING SOURCE
Original cataloging agency DLC
Transcribing agency OYU
Modifying agency OCoLC
-- DLC
-- BD-RjUL
Language of cataloging eng
041 1# - LANGUAGE CODE
Language code of text/sound track or separate title eng
Language code of original ita
082 00 - DEWEY DECIMAL CLASSIFICATION NUMBER
Classification number 851.3
Author mark and year ARS 1962
100 1# - MAIN ENTRY--PERSONAL NAME
Personal name Ariosto, Lodovico,
Dates associated with a name 1474-1533.
9 (RLIN) 70010
245 00 - TITLE STATEMENT
Title Sir John Harington's translation of Orlando Furioso /
Statement of responsibility, etc. Edited and introduced by Graham Hough.
260 ## - PUBLICATION, DISTRIBUTION, ETC. (IMPRINT)
Place of publication, distribution, etc. London :
Name of publisher, distributor, etc. Centaur press,
Date of publication, distribution, etc. 1962.
300 ## - PHYSICAL DESCRIPTION
Pagination xi, 577 p. ;
Size 30 cm.
490 0# - SERIES STATEMENT
Series statement Centaur classics
650 1# - SUBJECT ADDED ENTRY--TOPICAL TERM
Topical term or geographic name as entry element Harington, John, -- Sir, -- 1560-1612.
9 (RLIN) 70011
700 1# - ADDED ENTRY--PERSONAL NAME
Personal name Harington, John,
Dates associated with a name 1560-1612,
Relator term tr.
Personal name Hough, Graham Goulden,
Dates associated with a name 1908-
Relator term ed.
942 ## - ADDED ENTRY ELEMENTS (KOHA)
Source of classification or shelving scheme Dewey Decimal Classification
Koha item type Books
Holdings
Lost status Source of classification or shelving scheme Damaged status Not for loan Collection code Permanent Location Current Location Shelving location Date acquired Source of acquisition Cost, normal purchase price Total Checkouts Full call number Date last seen Copy number Koha item type
  Dewey Decimal Classification   Added to bundle Fiction Central Library, University of Rajshahi Central Library, University of Rajshahi Reading Room 16/10/1965 B.H.Black well 168.00   851.3 ARS 1962 09/03/2014 C-1 Books